000 00448nam a2200181Ia 4500
001 13636
005 20260306164815.0
008 260306t2010||||xx |||||||||||||| ||spa||
041 _aESP
082 _a005.1
_bP85 2010
100 _aPressman, Roger S.
_eAUT
245 0 _aIngeniería del software:
_bun enfoque práctico
260 _c2010
300 _a777 páginas :
_c27 cm.
650 _aGEN
654 _aCCC
942 _cLIB
_dJUS
_fJUS
_2ddc
_n
999 _c13636
_d13636